Womens D1 USA Ultimate College Championships - Statistics

General Stats
  • This quiz has been taken 4 times
  • The average score is 49 of 92
Answer Stats
School Nationals Appearances Year of First Appearance Highest Finish % Correct
Colorado 19 1995 Runner Up 2018, 2022, 2023
100%
Florida 6 1988 T5
100%
Kansas 10 1987 National Champion 1987
100%
Michigan 14 1989 Runner Up 1989, 1990, 2011
100%
Minnesota 4 1999 T9
100%
North Carolina 12 2002 National Championship 2021, 2022, 2023
100%
Ohio 1 2021 T15
100%
Ohio State 9 2011 National Champion 2014
100%
Southern California 3 2014 T17
100%
Texas 15 2002 Runner Up 2017
100%
Wisconsin 12 1988 T3
100%
Boston University 1 2021 T19
75%
Brown 9 1992 T3
75%
Central Florida 4 2013 T3
75%
Colorado State 2 2022 T9
75%
Dartmouth 10 2004 National Champion 2017, 2018
75%
Florida State 5 1996 T9
75%
Georgia 13 1997 National Champion 2001
75%
Iowa 6 2003 T3
75%
Iowa State 4 2009 T9
75%
NC State 3 2004 T5
75%
Penn State 3 2002 T5
75%
Rutgers 4 1997 T3
75%
Stanford 24 1995 National Champion 1997, 1998, 1999, 2003, 2005, 2006, 2007, 2016
75%
Texas A&M 1 2005 13th
75%
UC Davis 10 1987 National Champion 1989, 2004
75%
UCLA 11 2006 Runner Up 2006
75%
UNC Wilmington 14 1989 National Champion 1992, 1996
75%
Virginia 11 1991 T3
75%
Washington 15 2001 National Champion 2012
75%
Arizona 1 2003 T14
50%
British Columbia 16 1997 National Champion 2008
50%
California 12 1991 National Champion 1993
50%
Carleton College 31 1988 National Champion 2000
50%
Columbia 6 1990 T3
50%
Cornell 14 1987 T3
50%
East Carolina 1 1994 T9
50%
Georgia Tech 1 1992 T9
50%
Harvard 1 2010 T19
50%
Illinois 5 1999 T9
50%
Maryland 2 2008 T11
50%
Massachusetts 2 1987 4th
50%
Michigan State 1 2008 T11
50%
Northeastern 7 2008 T9
50%
Northwestern 7 2001 T5
50%
Notre Dame 4 2000 T9
50%
Oregon 19 1988 National Champion 2010, 2013, 2015
50%
Ottawa 6 2008 T5
50%
Pennsylvania 8 1989 T5
50%
Pittsburgh 8 2010 T3
50%
Princeton 2 1999 T9
50%
Rice 3 1997 T9
50%
SUNY Binghampton 4 1989 T9
50%
Tufts 15 1991 T3
50%
UC San Diego 11 1999 National Champion 2002, 2019
50%
UC Santa Barbara 17 1988 National Champion 1988, 1990, 1991, 2009, 2011
50%
UC Santa Cruz 2 1994 National Championship 1994, 1995
50%
Vermont 4 1987 T3
50%
Victoria 3 2014 T9
50%
Wake Forest 1 2008 T13
50%
Western Washington 5 2014 T5
50%
Yale 6 1995 T3
50%
Bucknell 3 2000 T5
25%
Carnegie Mellon 3 1990 6th
25%
Chicago 2 2021 T11
25%
Claremont 1 2004 T11
25%
Colorado College 3 2011 T5
25%
Connecticut 1 2017 T17
25%
Delaware 5 2003 T11
25%
Duke 1 2003 T11
25%
Earlham 1 1987 6th
25%
Emory 2 2006 T11
25%
Humboldt State 4 1987 T3
25%
Indiana 6 1993 T3
25%
Middlebury 2 2010 T17
25%
MIT 7 1998 Runner Up 2003
25%
NYU 1 2007 T9
25%
Oberlin 1 1997 T5
25%
Purdue 2 2005 T14
25%
Saint Louis 1 2009 T13
25%
Smith 1 2000 10th
25%
Sonoma State 1 2012 T15
25%
Swarthmore 4 1999 T7
25%
Towson 1 1989 T9
25%
Truman State 1 2007 T13
25%
UT- Dallas 1 2023 T19
25%
Washington University 3 2009 T15
25%
Wesleyan 1 1990 T9
25%
West Chester 1 2018 T13
25%
Whitman 5 2013 Runner Up 2016
25%
William & Mary 1 2022 T15
25%
Williams 2 1993 T9
25%
No matching quizzes found
Score Distribution
Percent of People with Each Score
Percentile by Number Answered
Your Score History
You have not taken this quiz